000 00607nam a2200181Ia 4500
008 090123s9999 xx 000 0 und d
082 _b33086
_a891.463/हरका
100 _aहरकारे अरुण
245 _aकशाला उद्याची बात
250 _a1
260 _bसुकृत प्रकाशन
_c2001
300 _a208
600 _aहरकारे अरुण
630 _aकशाला उद्याची बात
700 _aहरकारे अरुण
730 _aकशाला उद्याची बात
942 _cBOOK
999 _c71145
_d71145